000 00323nam a2200145Ia 4500
008 220216s9999 xx 000 0 und d
100 _aJoseph P
245 0 _aRubberinoppam idavilakalum
260 _bRubber
_c2018
300 _a15-Nov
650 _aIdavila
650 _aIntercrop
700 _aJessy M D
942 _cJS
999 _c68227
_d68227